000 00805nam a2200253 i 4500
001 10020
003 ES-MaACL
005 20230906145813.0
007 t|
008 941004s1992 sp ||||1| spa d
020 _a84-249-1058-3
080 _a46.5
100 1 _aHernández Alonso, César.
_962875
245 1 0 _aGramática funcional del español /
_cCésar Hernández Alonso.
250 _a2ª. ed. corr. y aum., [1ª.reimp.].
260 _aMadrid :
_bGredos,
_c1992.
300 _a558 p. ;
_c20 cm.
490 1 _aBiblioteca románica hispánica. III. Manuales ;
_v56
500 _aIndices.
650 4 _aLengua española-
_xGramática.
_914161
830 0 _aBiblioteca románica hispánica. III. Manuales ;
_v56
_9177701
852 _aES-MaACL
_jL-13845
_bR.122912
999 _c10020
_d10020